Green Foods by Picture - Statistics

General Stats
  • This quiz has been taken 266 times
  • The average score is 11 of 12
Answer Stats
Picture Answer % Correct
Avocado
98%
Kiwi
97%
Broccoli
96%
Cucumber
96%
Pear
96%
Lettuce
91%
Lime
89%
Asparagus
85%
Brussels Sprouts
83%
Cabbage
83%
Zucchini
78%
Celery
63%
No matching quizzes found
Score Distribution
Percent of People with Each Score
Percentile by Number Answered
Your Score History
You have not taken this quiz